000 01210nam a22003977a 4500
001 0012466
003 KOHA_MİRAKIL
005 20260207001852.0
007 ta
008 100126b2000 tu |||gr||||#||||0|tur |
020 _a975486395
040 _aTR-BiSEU
_btur
_cTR-BiSEU
_erda
041 0 _atur
044 _ctu
050 _aKKX1472
_b.T86 2000
100 1 _aTuncay, A. Can.
245 1 _aSosyal güvenlik hukuku dersleri/
_cA. Can Tuncay ; A. Can Tuncay.
250 _a8. bs.
264 1 _aİstanbul :
_bBeta Basım Yayım Dağıtım A.Ş.
_c2000
300 _axxvi, 452 sayfa; 25 cm.
336 _ametin
_btxt
_2rdacontent
337 _aaracısız
_bn
_2rdamedia
338 _acilt
_bnc
_2rdacarrier
490 1 _aBeta Basım Yayım Dağıtım A.Ş.
490 1 _a ;
_vyayın no: 499.
490 1 _aHukuk dz.: 216.
500 _aKaynakça ve dizin var.
650 0 _aLaw--Turkey.
_94193
650 0 _aSocial security--Turkey.
_96596
650 0 _aHukuk--Türkiye.
_94192
650 0 _aSosyal güvenlik--Türkiye.
_96598
830 1 _aBeta Basım Yayım Dağıtım A.Ş.
_910170
830 1 _a ;
_vyayın no: 499.
_91620
830 1 _aHukuk dz.: 216.
_930100
942 _2lcc
_cBK
999 _c12435
_d12435